| 000 | 00737nam a2200241Ia 4500 | ||
|---|---|---|---|
| 003 | IN-BaIIA | ||
| 008 | 211028s9999 xx 000 0 eng d | ||
| 020 | _a978-1-4200-7566-3 | ||
| 040 | _cIIA Library | ||
| 080 |
_a620.91 _bFOS |
||
| 100 |
_aFoster, Robert _934704 |
||
| 245 | 0 |
_aSolar energy _brenewable energy and the environment _cRobert Foster, Majid Ghassemi and Alma Cota |
|
| 260 |
_aBoca Raton _bCRC Press _c2010 |
||
| 300 | _axxvii, 352p. | ||
| 490 | _aEnergy and the environment | ||
| 650 |
_aPhotovoltaic cells _934705 |
||
| 650 |
_aSolar energy _93295 |
||
| 650 |
_aSolar resource _928573 |
||
| 650 |
_aSolar thermal systems _934706 |
||
| 700 |
_aCota, Alma _934707 |
||
| 700 |
_aGhassemi, Majid _934708 |
||
| 942 | _cBK | ||
| 999 |
_c18155 _d18155 |
||